University Physics : (Record no. 154376)

MARC details
000 -LEADER
fixed length control field 00842nam a22002297a 4500
005 - DATE AND TIME OF LATEST TRANSACTION
control field 20180720111228.0
010 ## - LCCN (DPL NO)
LC control number B-698582
020 ## - INTERNATIONAL STANDARD BOOK NUMBER
International Standard Book Number 9789332586284
Terms of availability 899.00
035 ## - SYSTEM CONTROL NUMBER
System control number B-698582
037 ## - SOURCE OF ACQUISITION
Source of stock number/acquisition R K Books.
082 ## - DEWEY DECIMAL CLASSIFICATION NUMBER
Classification number 530
100 ## - MAIN ENTRY--PERSONAL NAME
Personal name Young .Hugh D.
245 ## - TITLE STATEMENT
Title University Physics :
Remainder of title With Modern Physics /
Statement of responsibility, etc Hugh D. Young and Roger A. Freedman
250 ## - EDITION STATEMENT
Edition statement 14Th Edition
260 ## - PUBLICATION, DISTRIBUTION, ETC. (IMPRINT)
Place of publication, distribution, etc Noida
Name of publisher, distributor, etc Pearson
Date of publication, distribution, etc 2017
270 ## - ADDRESS
Address plot No-1,Block-c.Sector-16,
City Noida
Postal code 201301
Telephone number 08030461060
Fax number 08030461003
Electronic mail address www.pearson.co.in
300 ## - PHYSICAL DESCRIPTION
Extent 1593p.
Other physical details ill.
Dimensions 27x22 (pbk)
500 ## - GENERAL NOTE
General note Index
700 ## - ADDED ENTRY--PERSONAL NAME
Personal name Freedman Roger A.
942 ## - ADDED ENTRY ELEMENTS (KOHA)
Source of classification or shelving scheme Dewey Decimal Classification
Item type English Books
Classification part 530
Call number suffix YOU
Holdings
Withdrawn status Lost status Materials specified (bound volume or other part) Not for loan Collection code Home library Current library Date acquired Source of acquisition Cost, normal purchase price Full call number Barcode Copy number Cost, replacement price Koha item type
    RP Books   Non-fiction Central Library Central Library 19/07/2018 R K Books-154/26.06.2018/IN-759/18-19/05.07.2018/12.07.2018 899.00 530 YOU B-698582 1 899.00 English Books

© Delhi Public Library
Hit Counter
free hit counter